000 01007nam a2200241Ia 4500
999 _c36634
_d36634
001 2554
003 GE_BSU
005 20190517193656.0
008 181216s1987||||ge |||||||||||||| ||geo||
040 _cGE_BSU
041 _ageo
080 _a821.353.1-32 კ–59
100 _aკლდიაშვილი, დავით
_91356
245 _aსამი მოთხრობა /
_cშემდგ. ბეჟან ბარდაველიძე ; რედ.: თ. კიკაჩეიშვილი.
264 _aთბილისი :
_bთბილ. უნ-ტის გამ-ბა,
_c1987.
300 _a302 გვ.;
_b19 სმ.
490 _aუნივერსიტეტი - სკოლა.
541 _h7ლ.
653 _aმოთხრობები
700 _aიკაჩეიშვილი, თ.
_eრედაქტორი
_91357
700 _aბარდაველიძე, ბეჟან
_eშემდგენელი
_91358
942 _cBK
_2udc